000 01495nam a2200373 a 4500
001 ebr10427560
003 CaPaEBR
006 m u
007 cr cn|||||||||
008 081103s2009 nyu sb 001 0deng
010 _z 2008045233
020 _z9780826430113 (hardcover : alk. paper)
020 _z0826430112 (hardcover : alk. paper)
040 _aCaPaEBR
_cCaPaEBR
035 _a(OCoLC)676695897
050 1 4 _aBX1396
_b.G725 2009eb
082 0 4 _a282.092/2
_222
100 1 _aGregg, Samuel,
_d1969-
245 1 4 _aThe modern papacy
_h[electronic resource] /
_cSamuel Gregg.
260 _aNew York :
_bContinuum,
_cc2009.
300 _axvi, 162 p.
490 1 _aMajor conservative and libertarian thinkers ;
_vv. 5
504 _aIncludes bibliographical references and index.
533 _aElectronic reproduction.
_bPalo Alto, Calif. :
_cebrary,
_d2013.
_nAvailable via World Wide Web.
_nAccess may be limited to ebrary affiliated libraries.
600 0 0 _aJohn Paul
_bII,
_cPope,
_d1920-2005.
600 0 0 _aBenedict
_bXVI,
_cPope,
_d1927-
650 0 _aModernism (Christian theology)
_xCatholic Church
_xHistory
_y20th century.
650 0 _aCatholic Church and philosophy.
650 0 _aPapacy.
655 7 _aElectronic books.
_2local
710 2 _aebrary, Inc.
830 0 _aMajor conservative and libertarian thinkers ;
_vv. 5.
856 4 0 _uhttp://site.ebrary.com/lib/rucke/Doc?id=10427560
_zAn electronic book accessible through the World Wide Web; click to view
999 _c143572
_d143572